Vybrané kapitoly z dětské chirurgie pro všeobecné chirurgy

Bibliographic Details
Main Author: Hájková, Helena (Author)
Format: Book
Language:Czech
PhysicalDescription:179 s. 29 cm
Published: Brno Institut pro další vzdělávaní pracovníků ve zdravotnictví 1992
ISBN:8070130865
Edition:1. vyd.
Series:Knižnice Institutu pro další vzdělávání lékařů a farmaceutů v Praze

MARC

LEADER 00000nam a2200000 a 4500
001 vtls001136568
003 SK-MaSNL
005 20260301063019.0
008 250414s1992 xr 0 cze
020 |a 8070130865 
035 |a SNK000079421 
040 |a SNK  |b slo  |c SNK  |e AACR2 
041 0 |a cze 
044 |a xr  |c CZ 
080 |a 617.5-053.2(075.9)  |2 1981 
100 1 |a Hájková, Helena  |4 aut  |9 378099 
245 1 0 |a Vybrané kapitoly z dětské chirurgie pro všeobecné chirurgy  |c Helena Hájková 
250 |a 1. vyd. 
260 |a Brno  |b Institut pro další vzdělávaní pracovníků ve zdravotnictví  |c 1992 
300 |a 179 s.  |c 29 cm 
490 0 |a Knižnice Institutu pro další vzdělávání lékařů a farmaceutů v Praze 
500 |a p. aj: Vybrané 
852 |a Slovenská národná knižnica 
919 |a 80-7013-086-5 
954 |a chirurgia detská 
999 |c 622639  |d 624569 
952 |t P60, <04>, [BOOK], {604}  |a SNK  |b SNK  |y VYP  |7 0  |p 17A0330175  |o snkIB 67977  |i snkKIP 8211/92  |0 0  |1 0  |4 0  |d 2002-01-24  |l 0  |r 2005-01-01 00:00:00  |w 2026-02-23